عرض عادي
عرض مارك
- Boundary value problems
مدخل مصطلح موضوعي
001 - رقم الضبط
- حقل الضبط: 18140
003 - معرف رقم الضبط
- حقل الضبط: OSt
005 - تاريخ ووقت أخر عملية
- حقل الضبط: 20121203234632.0
008 - عناصر بيانات ثابتة الطول
- حقل تحكم ثابت الطول: 121203|||a|||||| | ||| d
040 ## - مصدر الفهرسة
- هيئة الفهرسة الأصلية: OSt
- وكالة الكتابة: OSt
150 ## - مدخل-- مصطلح تاريخي
- عنصر مدخل المصطلح الموضوعي او الاسم الجغرافي: Boundary value problems
- تفريع شكلي: Problems, exercises, etc.
670 ## - بيانات المصدر موجوده
- الاستشهاد بالمصدر: Work cat.: (OSt)0: Edwards, C. H. (Charles Henry), 1937- 18138, Differential equations and boundary value problems :, c2008.
